Tlačené farbivom senzibilizované solárne články s modifikovanými elektródami
Salvato in:
| Autore principale: | |
|---|---|
| Altri autori: | |
| Natura: | Manoscritto Libro |
| Lingua: | slovacco |
| Soggetti: | |
| Accesso online: | http://is.stuba.sk/zp/portal_zp.pl?podrobnosti=82440 |
| Tags: |
Nessun Tag, puoi essere il primo ad aggiungerne!!
|
MARC
| LEADER | 00000ntm a22000003a 4500 | ||
|---|---|---|---|
| 001 | stuzp23179 | ||
| 003 | SK-STU | ||
| 005 | 20150617230329.9 | ||
| 007 | ta | ||
| 008 | 150427s2015----xo-----f-mn---000-0-slo-d | ||
| 040 | |a STU |b slo | ||
| 041 | 0 | |a slo | |
| 100 | 1 | |a Gemeiner, Pavol, |d 1983- |u 049160 |4 aut |U FCHPT Ústav prírodných a syntetických polymérov |T FCHPT Oddelenie polygrafie a aplikovanej fotochémie |X 16629 |U C9160 |Y 127 |7 A000016629 | |
| 242 | 0 | 1 | |a Printed Dye Sensitized Solar Cells with Modified Electrodes |y eng |
| 245 | 1 | 0 | |a Tlačené farbivom senzibilizované solárne články s modifikovanými elektródami |
| 650 | 4 | |a oxid titaničitý |2 slo | |
| 650 | 4 | |a etylcelulóza |2 slo | |
| 650 | 4 | |a MWCNT |2 slo | |
| 650 | 4 | |a farbivom senzibilizované solárne články |2 slo | |
| 650 | 4 | |a tlačená elektronika |2 slo | |
| 650 | 4 | |a fotoanóda |2 slo | |
| 650 | 4 | |a protielektróda |2 slo | |
| 650 | 4 | |a polypyrol |2 slo | |
| 650 | 4 | |a PEDOT:PSS |2 slo | |
| 650 | 4 | |a counter electrode |2 eng | |
| 650 | 4 | |a titanium dioxide |2 eng | |
| 650 | 4 | |a dye sensitized solar cell |2 eng | |
| 650 | 4 | |a MWCNT |2 eng | |
| 650 | 4 | |a printed electronics |2 eng | |
| 650 | 4 | |a photoanode |2 eng | |
| 650 | 4 | |a ethylcellulose |2 eng | |
| 650 | 4 | |a polypyrrole |2 eng | |
| 650 | 4 | |a PEDOT:PSS |2 eng | |
| 700 | 1 | |a Mikula, Milan, |d 1951- |4 ths |X 3335 |7 A000003335 | |
| 856 | 4 | |u http://is.stuba.sk/zp/portal_zp.pl?podrobnosti=82440 | |
| SQL | |a stuzp23179 |b DDZ |c SLO |d Tlačené farbivom senzibilizované solárne články s modifikovanými elektródami |e 16629 |f Gemeiner, Pavol |g 049160 |h 3335 |i Mikula, Milan |j 20140819 |k 146 |l 04 |m http://is.stuba.sk/zp/portal_zp.pl?podrobnosti=82440 | ||